000 006230000a22001930004500
999 _c49189
_d49189
001 2039
003 CO-MdFUSB
005 20180308155228.0
008 180308b xxu||||| |||| 00| 0 eng d
020 _a978-958-45-0782-2
040 _cCO-MdBIC
082 0 4 _a863C Em72k
100 1 _aCuartas Vilaloos, Ángela
245 1 0 _aKung fu Panda conoce a los maestros / Edición Ángela Cuartas Vilaloos ; Adaptación Catherine Hapka ; dibujos Charles Grovenor ; pintura Lydia Halverson
260 _aBogotá : Grupo Editorial Norma
300 _a[30 P.]
650 1 4 _aCuento Contemporaneo \ Cuento infantil
942 _cLGB